| 000 | 01201nam a22003497a 4500 | ||
|---|---|---|---|
| 003 | CHAP | ||
| 005 | 20220329141438.0 | ||
| 008 | 971013s1981 r 00010 d | ||
| 010 | _a68239 | ||
| 011 | _a69211 | ||
| 035 | _a78686 | ||
| 040 | _cCHAP | ||
| 090 | _aTesis | ||
| 100 | 0 | 0 |
_aHernández Malo, Amadeo José. _954273 |
| 245 | _aComportamiento de becerros en praderas de zacate buffel (Cenchrus ciliaris L) con suplementación fosfórica | ||
| 260 |
_aMonterrey, N. L. : _bEl autor, _c1981 |
||
| 300 |
_a87 p. _b; gráfs. |
||
| 500 | _a27-123 | ||
| 502 | _aTesis (Ing. Agrónomo Zootecnista) -- ITESM. División de Ciencias Agropecuarias y Marítimas | ||
| 590 |
_aALEPH _b10 _c20130110 _lUCH01 _h1404 |
||
| 590 |
_aBATCH-UPD _b10 _c20130110 _lUCH01 _h0746 |
||
| 590 |
_aBATCH-UPD _b10 _c20130410 _lUCH01 _h0427 |
||
| 590 |
_aBATCH-UPD _b10 _c20130914 _lUCH01 _h0553 |
||
| 590 |
_aCONVERSION _b10 _c20130109 _lUCH01 _h1337 |
||
| 650 | 1 | 4 |
_aBecerros _xAlimentación. _911172 |
| 650 | 1 | 4 |
_aBecerros _xPastoreo. _911186 |
| 650 | 1 | 4 |
_aFósforo en nutrición animal. _942266 |
| 650 | 1 | 4 |
_aZacate Buffel. _9123395 |
| 901 | _aBK | ||
| 942 | _cTESIS | ||
| 949 |
_bBC _cTES _d-31561 _eTS1 _h18363 _i78686 _si |
||
| 999 |
_c68239 _d68239 |
||